Numbers Spelled (1-100) - Statistics

General Stats
  • This quiz has been taken 13 times
  • The average score is 85 of 100
Answer Stats
Number Answer % Correct
4 Four
100%
1 One
100%
3 Three
100%
2 Two
100%
8 Eight
92%
18 Eighteen
92%
11 Eleven
92%
15 Fifteen
92%
5 Five
92%
14 Fourteen
92%
9 Nine
92%
19 Nineteen
92%
7 Seven
92%
17 Seventeen
92%
6 Six
92%
16 Sixteen
92%
10 Ten
92%
13 Thirteen
92%
12 Twelve
92%
20 Twenty
92%
80 Eighty
83%
88 Eighty Eight
83%
85 Eighty Five
83%
84 Eighty Four
83%
89 Eighty Nine
83%
81 Eighty One
83%
87 Eighty Seven
83%
86 Eighty Six
83%
83 Eighty Three
83%
82 Eighty Two
83%
50 Fifty
83%
58 Fifty Eight
83%
55 Fifty Five
83%
54 Fifty Four
83%
59 Fifty Nine
83%
51 Fifty One
83%
57 Fifty Seven
83%
56 Fifty Six
83%
53 Fifty Three
83%
52 Fifty Two
83%
40 Forty
83%
48 Forty Eight
83%
45 Forty Five
83%
44 Forty Four
83%
49 Forty Nine
83%
41 Forty One
83%
47 Forty Seven
83%
46 Forty Six
83%
43 Forty Three
83%
42 Forty Two
83%
90 Ninety
83%
98 Ninety Eight
83%
95 Ninety Five
83%
94 Ninety Four
83%
99 Ninety Nine
83%
91 Ninety One
83%
97 Ninety Seven
83%
96 Ninety Six
83%
93 Ninety Three
83%
92 Ninety Two
83%
100 One Hundred
83%
70 Seventy
83%
78 Seventy Eight
83%
75 Seventy Five
83%
74 Seventy Four
83%
79 Seventy Nine
83%
71 Seventy One
83%
77 Seventy Seven
83%
76 Seventy Six
83%
73 Seventy Three
83%
72 Seventy Two
83%
60 Sixty
83%
68 Sixty Eight
83%
65 Sixty Five
83%
64 Sixty Four
83%
69 Sixty Nine
83%
61 Sixty One
83%
67 Sixty Seven
83%
66 Sixty Six
83%
63 Sixty Three
83%
62 Sixty Two
83%
30 Thirty
83%
38 Thirty Eight
83%
35 Thirty Five
83%
34 Thirty Four
83%
39 Thirty Nine
83%
31 Thirty One
83%
37 Thirty Seven
83%
36 Thirty Six
83%
33 Thirty Three
83%
32 Thirty Two
83%
28 Twenty Eight
83%
25 Twenty Five
83%
24 Twenty Four
83%
29 Twenty Nine
83%
21 Twenty One
83%
27 Twenty Seven
83%
26 Twenty Six
83%
23 Twenty Three
83%
22 Twenty Two
83%
No matching quizzes found
Score Distribution
Percent of People with Each Score
Percentile by Number Answered
Your Score History
You have not taken this quiz